000 00517cam a22001691 4500
082 _a624.3
_bHAY
_cL-19, P-17
100 1 _aHayden, Arthur G.
_943393
245 1 4 _aThe rigid-frame bridge,
_cby Arthur G. Hayden and Maurice Barron.
250 _a3d ed.
260 _aNew York,
_bWiley
_c[1950]
300 _ax, 240 p.
_billus.
_c24 cm.
526 _a0
_b0
_c0
_d624_300000000000000_HAY
650 0 _aBridges
_xDesign and construction.
_9801
650 0 _aMCE
_9379
700 1 _aBarron, Maurice,
_943394
942 _2ddc
_cBK
999 _c547219
_d547219